Top 100 Baby Boy Names (2006) Quiz Stats

 Plays Quiz not verified by Sporcle

Score 0/100 Timer 11:00
0 Plays Today
Rank Name % Correct
5Matthew
96.8%
2Michael
94.2%
1Jacob
93.5%
10William
93.5%
19John
93.5%
67Alex
92.9%
23Nathan
92.2%
16James
91.6%
31Jose
91.6%
3Joshua
90.9%
6Andrew
90.9%
7Daniel
90.3%
8Christopher
89.6%
59Lucas
89.6%
11Joseph
89%
12Alexander
89%
47Robert
89%
22Jonathan
88.3%
33Zachary
88.3%
43Luke
88.3%
4Ethan
87.7%
13David
87%
36Jack
87%
51Thomas
87%
15Noah
86.4%
17Nicholas
86.4%
14Ryan
85.7%
24Benjamin
85.7%
25Samuel
85.7%
69Nathaniel
85.7%
72Brian
85.1%
55Jason
83.8%
45Justin
83.1%
48Isaac
83.1%
Rank Name % Correct
27Brandon
82.5%
68Sean
82.5%
26Dylan
81.8%
81Kyle
81.8%
37Kevin
81.2%
18Tyler
80.5%
32Aiden
80.5%
42Evan
80.5%
46Jordan
79.9%
80Ian
79.9%
35Jackson
79.2%
65Adam
78.6%
90Steven
78.6%
99Richard
78.6%
40Mason
77.3%
57Aaron
77.3%
60Charles
77.3%
29Elijah
76.6%
49Jayden
76.6%
66Bryan
76.6%
21Christian
75.3%
77Eric
75.3%
98Liam
75.3%
20Logan
74.7%
58Owen
74.7%
53Connor
74%
93Timothy
72.1%
44Aidan
71.4%
95Henry
71.4%
61Juan
70.1%
28Gabriel
69.5%
34Caleb
69.5%
39Isaiah
69.5%
78Xavier
69.5%
Rank Name % Correct
71Jeremiah
68.2%
41Austin
66.9%
74Jesus
66.9%
9Anthony
66.2%
52Cameron
66.2%
54Hunter
65.6%
64Julian
64.3%
88Jaden
63%
50Landon
61.7%
79Brayden
61.7%
84Cole
61%
73Hayden
60.4%
94Antonio
60.4%
70Carlos
59.7%
75Carter
59.7%
82Wyatt
58.4%
83Chase
57.8%
97Blake
56.5%
38Gavin
54.5%
76Sebastian
54.5%
30Angel
53.2%
86Tristan
52.6%
63Adrian
50.6%
91Caden
50.6%
62Luis
48.1%
85Dominic
48.1%
100Devin
48.1%
87Carson
46.8%
89Miguel
46.1%
96Alejandro
43.5%
56Diego
42.9%
92Kaden
36.4%

You're not logged in!

Compare scores with friends on all Sporcle quizzes.
OR
Log In

Show Comments

Extras

Created Feb 20, 2012ReportNominate
Tags:100, 2006, baby, boy, Top 100

Top Quizzes Today


Score Distribution

Your Account Isn't Verified!

In order to create a playlist on Sporcle, you need to verify the email address you used during registration. Go to your Sporcle Settings to finish the process.

Report this User

Report this user for behavior that violates our Community Guidelines.

Details: